Vorlesungen über juristiche papyruskunde: gehalten an der Rechtswissenschaftlichen Fakultät der Albert-Ludwigs-Universität Freiburg im Wintersemester 1967-68 und Sommersemester 1968
Збережено в:
| Автор: | |
|---|---|
| Формат: | Книга |
| Мова: | Німецька |
| Опубліковано: |
Berlín
Duncker and Humblot
1998
|
| Редагування: | 1a. ed |
| Серія: | Neue Folge, 30
|
| Предмети: | |
| Теги: |
Додати тег
Немає тегів, Будьте першим, хто поставить тег для цього запису!
|
MARC
| LEADER | 00000cam a2200000 a 4500 | ||
|---|---|---|---|
| 001 | UCD8872 | ||
| 003 | CL-VaPUC | ||
| 008 | 170527e19980000gw |||||||||||||||||ger|d | ||
| 020 | |a 3428095219 | ||
| 082 | 0 | 4 | |a 340.01 |b WOL |2 21 |
| 100 | 0 | |a Wolff, Hans Julius |e author |9 592435 | |
| 245 | 1 | 0 | |a Vorlesungen über juristiche papyruskunde: gehalten an der Rechtswissenschaftlichen Fakultät der Albert-Ludwigs-Universität Freiburg im Wintersemester 1967-68 und Sommersemester 1968 |
| 250 | |a 1a. ed | ||
| 300 | |a 138 p | ||
| 942 | |c BK | ||
| 945 | |d 20170527 00:32:00 |a arojas | ||
| 260 | |a Berlín |b Duncker and Humblot |c 1998 | ||
| 650 | 0 | |a Teoría del derecho |9 255982 | |
| 583 | |a last modification |c 20170527 00:32:00 |k Rodrigo Vera | ||
| 490 | 0 | |a Neue Folge, 30 | |
| 999 | |c 368180 |d 368178 | ||
| 952 | |0 0 |1 0 |3 erb |4 0 |6 340_010000000000000_WOL_1998 |7 0 |8 A |9 483451 |a FDOLAF |b FDOLAF |e Laffi, Umberto, 1939- |i 5391555 |o 340.01 WOL 1998 |p 5391555 |r 2024-01-30 |w 2019-11-24 |y BK |z Catalogado en:20170527 |k LAF | ||